Sławne piosenki z lat 70, 80 i 90 cz. 1 - Statystyki

Ogólne statystyki
  • Ten quiz został rozwiązany 228 razy
  • Średni wynik to 15 z 30
Statystyki odpowiedzi
Piosenka Wykonawca % Poprawnych
Bohemian Rhapsody Queen
90%
Gimme! Gimme! Gimme! (A man after midnight) ABBA
89%
Cheri, cheri lady Modern Talking
87%
Billie Jean Michael Jackson
86%
The final countdown Europe
76%
Careless whisper George Michael
64%
Wind of change Scorpions
60%
Wake me up before you go-go Wham!
60%
Daddy cool Boney M
59%
Enjoy the silence Depeche Mode
59%
Never gonna give you up Rick Astley
58%
I wanna dance with somebody Whitney Houston
58%
Barbie girl Aqua
56%
Stayin' alive Bee Gees
56%
I was made for lovin' you Kiss
51%
The Best Tina Turner
48%
It's my life Dr. Alban
42%
What is love Haddaway
41%
U can't touch this MC Hammer
39%
Coco jamboo Mr. President
39%
I will survive Gloria Gaynor
32%
Macarena Los Del Rio
30%
It's a heartache Bonnie Tyler
28%
Rhythm is a dancer SNAP!
27%
Venus Bananarama
25%
You spin me round (like a record) Dead Or Alive / Danzel
25%
Be my lover La Bouche
24%
Hot stuff Donna Summer
20%
Self control Laura Branigan
18%
No limit 2 Unlimited
13%
Nie znaleziono quizów pasujących do podanych kryteriów
Rozkład punktacji
Procent ludzi z każdym wynikiem
Percentyl według liczby udzielonych odpowiedzi
Twoja historia wyników
Nie rozwiązałeś tego quizu